[Event "Millionaire Chess Open 2014"]
[Site "Las Vegas USA"]
[Date "2014.10.12"]
[Round "7.10"]
[White "Chandra, Akshat"]
[Black "Ortiz Suarez, Isan Reynaldo"]
[Result "0-1"]
[WhiteTitle "IM"]
[BlackTitle "GM"]
[WhiteElo "2488"]
[BlackElo "2611"]
[WhiteFideId "25006711"]
[BlackFideId "3507165"]
[EventDate "2014.10.09"]

1. e4 c5 2. Nf3 d6 3. d4 cxd4 4. Nxd4 Nf6 5. Nc3 a6 6. Be2 e6 7. O-O Qc7 8. f4
Be7 9. Qe1 b5 10. Bf3 Bb7 11. e5 dxe5 12. fxe5 Nfd7 13. Bxb7 Qxb7 14. Nf3 O-O
15. Qg3 Kh8 16. Bg5 f6 17. exf6 gxf6 18. Bh6 Rg8 19. Qh3 b4 20. Ne2 Nc5 21. Rae1
Nc6 22. Kh1 Rae8 23. Nf4 Nd8 24. Qh5 Bd6 25. Qh4 Nd7 26. Rd1 Nf7 27. Qh5 Nde5
28. Rxd6 Nxf3 29. Rxe6 Rxe6 30. Nxe6 Nh4 31. Nf4 Rxg2 32. Qd5 Qxd5 33. Nxd5 Nxh6
34. Rg1 Rxc2 35. Ne7 Nf3 0-1

[Event "Millionaire Chess Open 2014"]
[Site "Las Vegas USA"]
[Date "2014.10.12"]
[Round "7.11"]
[White "Abel, Dennes"]
[Black "Kacheishvili, Giorgi"]
[Result "1-0"]
[BlackTitle "GM"]
[WhiteElo "2446"]
[BlackElo "2597"]
[WhiteFideId "24605417"]
[BlackFideId "13600613"]
[EventDate "2014.10.09"]

1. d4 Nf6 2. c4 e6 3. Nc3 Bb4 4. Qc2 b6 5. e4 c5 6. d5 Qe7 7. Ne2 exd5 8. exd5
d6 9. Bd2 O-O 10. f3 Ba6 11. a3 Ba5 12. O-O-O Bxc4 13. Ng3 Bxf1 14. Rhxf1 Nbd7
15. Nf5 Qd8 16. Bf4 Ne5 17. Nb5 Nfd7 18. Nbxd6 c4 19. Kb1 Qf6 20. g4 b5 21. g5
Qd8 22. Nb7 Qc7 23. Nxa5 Qxa5 24. Bd2 Qb6 25. Bc3 f6 26. gxf6 Rxf6 27. Rg1 g6
28. Nh6+ Kf8 29. Ng4 Rf5 30. Qd2 Nxf3 31. Qh6+ Ke8 32. Rg2 a5 33. Qxh7 b4 34. d6
Kd8 35. Re2 Rf8 36. Bg7 1-0

[Event "Millionaire Chess Open 2014"]
[Site "Las Vegas USA"]
[Date "2014.10.12"]
[Round "7.12"]
[White "Lenderman, Aleksandr"]
[Black "Bartholomew, John"]
[Result "1/2-1/2"]
[WhiteTitle "GM"]
[BlackTitle "IM"]
[WhiteElo "2589"]
[BlackElo "2446"]
[WhiteFideId "2021285"]
[BlackFideId "2019353"]
[EventDate "2014.10.09"]

1. Nf3 d5 2. g3 c6 3. Bg2 Bf5 4. b3 e6 5. Bb2 Nf6 6. d3 h6 7. Nbd2 Nbd7 8. O-O
Bh7 9. c4 Be7 10. Ne5 Nxe5 11. Bxe5 O-O 12. Qc2 Nd7 13. Bc3 a5 14. a3 b5 15.
Rfc1 bxc4 16. bxc4 Qb6 17. Rab1 Qa7 18. Qa4 Rfc8 19. cxd5 cxd5 20. Nb3 Nc5 21.
Qg4 Bg6 22. Bd4 a4 23. Nxc5 Bxc5 24. Rxc5 Rxc5 25. h4 h5 26. Qf4 Qc7 27. Bxc5
Qxc5 28. Qb4 Qc2 29. Bf3 Rc8 30. Kg2 Kh7 31. Rh1 e5 32. Bxd5 Qxe2 33. Re1 Qxd3
34. Rxe5 Qc3 35. Qf4 Rc5 36. Re3 Qf6 37. Qxf6 gxf6 38. Bf3 Rc1 39. Be2 Kg7 40.
f3 Ra1 41. Bc4 Bf5 42. Kf2 Be6 43. Bxe6 fxe6 44. Rxe6 Rxa3 45. Ra6 Kg6 46. Ra7
Kf5 47. Ra5+ Kg6 48. g4 hxg4 49. fxg4 Rh3 50. h5+ Kh6 51. Rxa4 f5 52. Ra6+ Kg5
53. Rg6+ Kf4 54. gxf5 Kxf5 55. Rh6 Kg5 56. Rh8 Rxh5 57. Rxh5+ Kxh5 1/2-1/2

[Event "Millionaire Chess Open 2014"]
[Site "Las Vegas USA"]
[Date "2014.10.12"]
[Round "7.13"]
[White "Holt, Conrad"]
[Black "Kadric, Denis"]
[Result "0-1"]
[WhiteTitle "GM"]
[BlackTitle "IM"]
[WhiteElo "2571"]
[BlackElo "2473"]
[WhiteFideId "2034387"]
[BlackFideId "14403803"]
[EventDate "2014.10.09"]

1. d4 d6 2. Nf3 Nf6 3. c4 g6 4. Nc3 Bg7 5. e4 O-O 6. h3 e5 7. d5 a5 8. Bg5 Na6
9. Nd2 Qe8 10. Be2 Nd7 11. a3 f6 12. Bh4 Nb6 13. b3 Bh6 14. Qc2 c6 15. O-O Nc5
16. Rab1 Kg7 17. Rfd1 cxd5 18. cxd5 Bd7 19. b4 Nca4 20. bxa5 Qc8 21. Rbc1 Rxa5
22. Nxa4 Nxa4 23. Qb3 Rc5 24. Rxc5 Nxc5 25. Qb4 Ba4 26. Re1 Bxd2 27. Qxd2 Nxe4
28. Qb4 Qc3 29. Qxb7+ Rf7 30. Qb1 g5 31. Rc1 Qd2 32. Bf1 Nc3 33. Rxc3 Qxc3 34.
Bg3 Qxa3 35. h4 h6 36. Qe4 Qa1 37. Qc4 Qd4 38. Qa6 gxh4 39. Bh2 Ra7 40. Qxd6 Bb5
41. Bxe5 fxe5 0-1

[Event "Millionaire Chess Open 2014"]
[Site "Las Vegas USA"]
[Date "2014.10.12"]
[Round "7.14"]
[White "Kulaots, Kaido"]
[Black "Milman, Lev"]
[Result "1/2-1/2"]
[WhiteTitle "GM"]
[BlackTitle "IM"]
[WhiteElo "2564"]
[BlackElo "2427"]
[WhiteFideId "4500261"]
[BlackFideId "2020050"]
[EventDate "2014.10.09"]

1. e4 c5 2. Nf3 d6 3. d4 cxd4 4. Nxd4 Nf6 5. Nc3 a6 6. Bg5 Nbd7 7. Qe2 e6 8. f4
Qc7 9. O-O-O b5 10. f5 e5 11. Nd5 Nxd5 12. exd5 Nb6 13. Qh5 Be7 14. Bd3 Bxg5+
15. Qxg5 f6 16. Qh5+ Qf7 17. Qe2 Nxd5 18. Qf3 Nc7 19. Be4 d5 20. Ne6 Bxe6 21.
fxe6 Qxe6 22. Rxd5 f5 23. Rxe5 Qxe5 24. Bxa8 O-O 25. Bb7 Rd8 26. Qf2 g6 27. a3
Qd6 28. Kb1 b4 29. a4 Ne6 30. Bf3 Nd4 31. Rd1 Qe5 32. Qh4 Qd6 33. Be2 a5 34.
Bc4+ Kg7 35. Re1 Nc6 36. Bb3 Qd4 37. Qg3 Qd6 38. Qh4 Qd4 39. Qg3 Qd6 40. Qg5 h6
41. Qe3 Nd4 42. Bc4 Rc8 43. b3 f4 44. Qe7+ Qxe7 45. Rxe7+ Kf6 46. Re4 Nf5 47.
Rxf4 Re8 48. Kc1 Re1+ 49. Kd2 Rh1 50. h3 Ke5 51. Rg4 g5 52. Bd3 Rg1 53. c3 bxc3+
54. Kxc3 Kf6 55. Bxf5 Kxf5 56. Rg3 1/2-1/2

[Event "Millionaire Chess Open 2014"]
[Site "Las Vegas USA"]
[Date "2014.10.12"]
[Round "7.15"]
[White "Xiong, Jeffery"]
[Black "Brunello, Sabino"]
[Result "1/2-1/2"]
[WhiteTitle "IM"]
[BlackTitle "GM"]
[WhiteElo "2470"]
[BlackElo "2552"]
[WhiteFideId "2047640"]
[BlackFideId "813613"]
[EventDate "2014.10.09"]

1. e4 c6 2. d4 d5 3. e5 Bf5 4. h4 h5 5. c4 e6 6. Nc3 Ne7 7. Nge2 Nd7 8. Ng3 Bg6
9. cxd5 cxd5 10. Bg5 Qb6 11. Bb5 Nc6 12. Nge2 Rc8 13. O-O a6 14. Bxc6 Rxc6 15.
Qd2 Bb4 16. Rfc1 O-O 17. a3 Bxc3 18. Rxc3 Rfc8 19. Rac1 Kh7 20. Be7 Rxc3 21.
Rxc3 Rxc3 22. Qxc3 Qb5 23. Nf4 Qc4 24. Qxc4 dxc4 25. Bd8 b5 26. Bc7 Kh6 27. f3
Bb1 28. Kf2 g5 29. hxg5+ Kxg5 30. g3 Nf8 31. Ke3 Kh6 32. Ne2 Ng6 33. Bd8 Kg7 34.
Nc3 Bf5 35. Na2 Kf8 36. Nb4 Ke8 37. Ba5 h4 38. gxh4 Nxh4 39. Nxa6 Ng2+ 40. Kd2
Kd7 41. Nb8+ Kc8 42. Nc6 Kb7 43. Nd8+ Ka6 44. Bc3 Bg6 45. Nc6 Kb7 46. Nb4 Nf4
47. Ke3 Ng2+ 48. Kf2 Nf4 49. Ke3 Ng2+ 50. Kf2 Nf4 1/2-1/2

[Event "Millionaire Chess Open 2014"]
[Site "Las Vegas USA"]
[Date "2014.10.12"]
[Round "7.16"]
[White "Viswanadha, Kesav"]
[Black "Stopa, Jacek"]
[Result "1/2-1/2"]
[WhiteTitle "FM"]
[BlackTitle "IM"]
[WhiteElo "2424"]
[BlackElo "2515"]
[WhiteFideId "2059533"]
[BlackFideId "1119591"]
[EventDate "2014.10.09"]

1. e4 e5 2. Nf3 Nc6 3. Bb5 a6 4. Ba4 Nge7 5. O-O g6 6. c3 Bg7 7. d4 exd4 8. cxd4
b5 9. Bb3 O-O 10. Nc3 d6 11. Be3 Na5 12. Bc2 Nc4 13. Bc1 c5 14. b3 Bg4 15. bxc4
cxd4 16. cxb5 dxc3 17. Bf4 Bxf3 18. Qxf3 axb5 19. Rfd1 Nc6 20. Bxd6 Nd4 21. Rxd4
Bxd4 22. Bxf8 Qxf8 23. Bb3 Ra7 24. Rd1 Qc5 25. Qe2 Kg7 26. g3 Re7 27. Qc2 b4 28.
Kg2 Qe5 29. Bd5 Bc5 30. f4 Qb8 31. a3 Qa7 32. axb4 Bxb4 33. Rf1 Qe3 34. Rf3 Qd4
35. Rd3 Qc5 36. Rd1 Rc7 37. e5 Qe3 38. Bb3 Bc5 39. Kh3 Ba7 40. Rd3 Qc5 41. Rf3
Bb6 42. Rd3 Qa5 43. Rf3 Qa7 44. Rf1 Qa5 45. Rf3 Bd4 46. Rd3 Qc5 47. Rd1 Rb7 48.
Rb1 Be3 49. Ba2 Ra7 50. Bb3 Rb7 51. Ba2 Rd7 52. Rb3 Bd2 53. Rb1 Bxf4 54. Qa4 Rd4
55. Qe8 Qxe5 56. Qxf7+ Kh6 57. Qf8+ Kh5 58. Rb5 Qxb5 59. g4+ Kg5 60. Qe7+ Kh6
61. Qf8+ Kg5 62. Qe7+ 1/2-1/2

[Event "Millionaire Chess Open 2014"]
[Site "Las Vegas USA"]
[Date "2014.10.12"]
[Round "7.17"]
[White "Pakleza, Zbigniew"]
[Black "Karatorossian, David"]
[Result "0-1"]
[WhiteTitle "IM"]
[BlackTitle "IM"]
[WhiteElo "2509"]
[BlackElo "2250"]
[WhiteFideId "1119290"]
[BlackFideId "13300482"]
[EventDate "2014.10.09"]

1. Nf3 Nf6 2. c4 g6 3. Nc3 Bg7 4. d4 O-O 5. e4 d6 6. h3 e5 7. d5 Na6 8. Bg5 c5
9. Qd2 Nc7 10. Bd3 Rb8 11. Nh2 Qe8 12. O-O a6 13. a4 b6 14. Bh6 Nh5 15. Rfe1 f5
16. Bxg7 Kxg7 17. Bf1 f4 18. Qd3 a5 19. Be2 Nf6 20. Bg4 Nxg4 21. hxg4 Qe7 22.
Ne2 Qg5 23. f3 h5 24. gxh5 gxh5 25. Kh1 h4 26. Ng1 Ne8 27. Nh3 Qg6 28. Nf2 Nf6
29. Ra3 Bd7 30. Re2 Kf7 31. Nhg4 Nh5 32. Kg1 Ng3 33. Rc2 Ke7 34. Ra1 Rg8 35. b3
Rg7 36. Re1 Rbg8 37. Qc3 Kd8 38. Rd2 Nh5 39. Kf1 Nf6 40. Nxe5 dxe5 41. Qxe5 Kc8
42. Qxf4 Qxg2+ 43. Ke2 Nh5 0-1

[Event "Millionaire Chess Open 2014"]
[Site "Las Vegas USA"]
[Date "2014.10.12"]
[Round "7.18"]
[White "Zuluaga, Cesar"]
[Black "Felgaer, Ruben"]
[Result "0-1"]
[WhiteTitle "IM"]
[BlackTitle "GM"]
[WhiteElo "2344"]
[BlackElo "2577"]
[WhiteFideId "4401492"]
[BlackFideId "107069"]
[EventDate "2014.10.09"]

1. d4 c5 2. e3 Nf6 3. Nf3 g6 4. Nbd2 b6 5. b3 Bg7 6. Bb2 O-O 7. Be2 Bb7 8. O-O
d6 9. c4 Nbd7 10. Re1 e6 11. Rc1 Rc8 12. Bf1 Qc7 13. e4 cxd4 14. Nxd4 a6 15. b4
Rfd8 16. N4b3 Nxe4 17. Bxg7 Nxd2 18. Bh6 Nxf1 19. Rxf1 Qc6 20. f3 e5 21. Rf2 f6
22. b5 axb5 23. cxb5 Qxb5 24. Qxd6 Qd5 25. Rxc8 Rxc8 26. Qe7 Qf7 27. Qd6 Rc6 28.
Qd3 Qe6 29. Rd2 Bc8 30. Rc2 Kf7 31. Rxc6 Qxc6 32. h4 Bb7 33. h5 Qd5 34. hxg6+
hxg6 35. Qc3 g5 36. Qb4 e4 37. Nd4 Kg6 38. Bxg5 fxg5 39. fxe4 Qxe4 40. Qd6+ Nf6 0-1

[Event "Millionaire Chess Open 2014"]
[Site "Las Vegas USA"]
[Date "2014.10.12"]
[Round "7.19"]
[White "Le, Quang Liem"]
[Black "Krush, Irina"]
[Result "1-0"]
[WhiteTitle "GM"]
[BlackTitle "GM"]
[WhiteElo "2706"]
[BlackElo "2457"]
[WhiteFideId "12401137"]
[BlackFideId "2012782"]
[EventDate "2014.10.09"]

1. Nf3 d5 2. g3 Bg4 3. Bg2 Nd7 4. c4 e6 5. cxd5 exd5 6. O-O Ngf6 7. d3 Bc5 8.
Nc3 O-O 9. Qb3 Nb6 10. h3 Bxf3 11. Bxf3 c6 12. e4 dxe4 13. dxe4 Nfd7 14. Qc2 Qf6
15. Kg2 Rad8 16. Be2 Bd4 17. Bd2 Nc5 18. Rad1 Qe6 19. Bg4 Qc4 20. b3 Qd3 21.
Qxd3 Nxd3 22. Ne2 Bf6 23. Be3 Ne5 24. Nd4 Nxg4 25. hxg4 Rd7 26. Nf5 Rfd8 27.
Rxd7 Rxd7 28. g5 Bc3 29. f4 f6 30. gxf6 gxf6 31. Kf3 Nc8 32. Rc1 Ba5 33. g4 Bb6
34. g5 fxg5 35. Bxb6 axb6 36. Rg1 h6 37. Nxh6+ Kh7 38. fxg5 Rd2 39. Nf5 Kg6 40.
a4 c5 41. Kf4 1-0

[Event "Millionaire Chess Open 2014"]
[Site "Las Vegas USA"]
[Date "2014.10.12"]
[Round "7.20"]
[White "Akobian, Varuzhan"]
[Black "Kjartansson, Gudmundur"]
[Result "1-0"]
[WhiteTitle "GM"]
[BlackTitle "IM"]
[WhiteElo "2640"]
[BlackElo "2439"]
[WhiteFideId "13300580"]
[BlackFideId "2301318"]
[EventDate "2014.10.09"]

1. d4 d5 2. c4 e6 3. Nc3 c6 4. e3 Nf6 5. Nf3 Nbd7 6. Qc2 Bd6 7. Bd3 O-O 8. O-O
dxc4 9. Bxc4 b5 10. Be2 a6 11. Rd1 Qc7 12. e4 e5 13. Bg5 exd4 14. Rxd4 Ng4 15.
h3 Nge5 16. Nxe5 Bxe5 17. Rd2 Nf6 18. Bxf6 gxf6 19. Rad1 Be6 20. Bg4 Rad8 21.
Ne2 Qa5 22. Bxe6 fxe6 23. f4 Bc7 24. Kf1 Qb6 25. Qb3 c5 26. Qg3+ 1-0

[Event "Millionaire Chess Open 2014"]
[Site "Las Vegas USA"]
[Date "2014.10.12"]
[Round "7.22"]
[White "Thorfinnsson, Bjorn"]
[Black "Chirila, Ioan-Cristian"]
[Result "0-1"]
[WhiteTitle "IM"]
[BlackTitle "GM"]
[WhiteElo "2389"]
[BlackElo "2529"]
[WhiteFideId "2300982"]
[BlackFideId "1211668"]
[EventDate "2014.10.09"]

1. c4 Nf6 2. g3 g6 3. Bg2 d5 4. cxd5 Nxd5 5. Nc3 Nxc3 6. bxc3 Bg7 7. Rb1 Nc6 8.
Nf3 O-O 9. O-O b6 10. Nd4 Nxd4 11. cxd4 Bf5 12. d3 Rc8 13. d5 Bd7 14. Ba3 Re8
15. d4 e6 16. e3 c6 17. dxe6 Bxe6 18. Rc1 Bd5 19. Bxd5 Qxd5 20. Qb3 Qf3 21. h4
Bf6 22. Rfe1 h6 23. Qd1 Qf5 24. Bd6 Qe6 25. Bf4 g5 26. hxg5 hxg5 27. Be5 Bxe5
28. dxe5 Qxe5 29. Qa4 Re6 30. Qg4 Kg7 31. Red1 Rh8 32. Rd7 Reh6 33. Qf3 Qe6 34.
Rcd1 g4 35. Qg2 Qf5 36. R1d4 Rh2 37. Qxh2 Rxh2 38. Kxh2 Qxf2+ 0-1

[Event "Millionaire Chess Open 2014"]
[Site "Las Vegas USA"]
[Date "2014.10.12"]
[Round "7.24"]
[White "Mandizha, Farai"]
[Black "Wan, Yunguo"]
[Result "1/2-1/2"]
[WhiteTitle "IM"]
[BlackTitle "IM"]
[WhiteElo "2367"]
[BlackElo "2489"]
[WhiteFideId "11000430"]
[BlackFideId "8603189"]
[EventDate "2014.10.09"]

1. d4 Nf6 2. c4 g6 3. Nc3 Bg7 4. e4 d6 5. Nf3 O-O 6. Be2 e5 7. O-O Nc6 8. d5 Ne7
9. Ne1 Nd7 10. Be3 f5 11. f3 f4 12. Bf2 g5 13. Nd3 Nf6 14. c5 Ng6 15. Rc1 Rf7
16. cxd6 cxd6 17. Nb5 g4 18. Qb3 g3 19. hxg3 fxg3 20. Bxg3 a6 21. Nc3 Nh5 22.
Bf2 Bh6 23. Qb6 Qf6 24. Be3 Ngf4 25. Nxf4 Nxf4 26. Rf2 Qh4 27. Nd1 Nh3+ 28. Kf1
Bxe3 29. Qxe3 Nf4 30. Kg1 Rg7 31. Qb6 Nxg2 32. Rxc8+ Rxc8 33. Rxg2 Qe1+ 34. Bf1
Rxg2+ 35. Kxg2 Qxd1 36. Qxd6 Re8 37. Qf6 Qc2+ 38. Kg3 Qc7 39. f4 exf4+ 40. Kf3
Rf8 41. Qg5+ Kh8 42. Bh3 b5 43. Bf5 Qc4 44. Qxf4 Qd3+ 45. Kf2 Qd4+ 46. Kf3 Qd3+
47. Kf2 Qd4+ 48. Kf3 1/2-1/2

[Event "Millionaire Chess Open 2014"]
[Site "Las Vegas USA"]
[Date "2014.10.12"]
[Round "7.26"]
[White "Gulamali, Kazim"]
[Black "Drozdowski, Kacper"]
[Result "1/2-1/2"]
[WhiteTitle "FM"]
[BlackTitle "IM"]
[WhiteElo "2271"]
[BlackElo "2458"]
[WhiteFideId "2024764"]
[BlackFideId "1136720"]
[EventDate "2014.10.09"]

1. e4 c5 2. d4 cxd4 3. c3 dxc3 4. Nxc3 Nc6 5. Nf3 e6 6. Bc4 a6 7. O-O Nge7 8.
Bg5 f6 9. Be3 b5 10. Bb3 Na5 11. Nd4 Nxb3 12. Qxb3 Nc6 13. Rfd1 Na5 14. Qc2 Qc7
15. Qe2 Be7 16. Rac1 Qb8 17. Nf5 exf5 18. Nd5 Bd6 19. Qh5+ Kf8 20. Nxf6 Bxh2+
21. Kh1 gxf6 22. Qh6+ Kf7 23. f4 Nc6 24. exf5 Ne7 25. Kxh2 d5 26. Bd4 Qd6 27.
Be5 Qb6 28. Rc7 Re8 29. Qxh7+ Kf8 30. Qh8+ Kf7 31. Qh7+ Kf8 32. Qh8+ 1/2-1/2

[Event "Millionaire Chess Open 2014"]
[Site "Las Vegas USA"]
[Date "2014.10.12"]
[Round "7.28"]
[White "Ashwin, Jayaram"]
[Black "Liu, Elliot"]
[Result "1-0"]
[WhiteTitle "IM"]
[BlackTitle "FM"]
[WhiteElo "2468"]
[BlackElo "2269"]
[WhiteFideId "5018137"]
[BlackFideId "2019850"]
[EventDate "2014.10.09"]

1. d4 g6 2. c4 Bg7 3. e4 d6 4. Nc3 Nf6 5. Bd3 O-O 6. Nge2 Nbd7 7. Bc2 e5 8. d5
a5 9. f3 Nc5 10. Bg5 c6 11. Qd2 Qb6 12. b3 cxd5 13. cxd5 Bd7 14. Be3 Qa6 15. a4
Ne8 16. O-O Qb6 17. Nc1 Nc7 18. Nd3 N7a6 19. Qe2 Rfc8 20. Rac1 Nb4 21. Nxc5 Rxc5
22. Qf2 Rac8 23. Bb1 Qa6 24. Bxc5 dxc5 25. Na2 c4 26. Nxb4 axb4 27. Rxc4 Rxc4
28. Bd3 b5 29. axb5 Bxb5 30. bxc4 Bxc4 31. Bxc4 Qxc4 32. Qd2 Bf8 33. Rc1 Qb5 34.
Kh1 b3 35. d6 Qd7 36. Rd1 Qb7 37. d7 b2 38. Rb1 1-0

[Event "Millionaire Chess Open 2014"]
[Site "Las Vegas USA"]
[Date "2014.10.12"]
[Round "7.29"]
[White "Vibbert, Sean"]
[Black "Barcenilla, Rogelio"]
[Result "1/2-1/2"]
[WhiteTitle "FM"]
[BlackTitle "GM"]
[WhiteElo "2302"]
[BlackElo "2462"]
[WhiteFideId "2030292"]
[BlackFideId "5200059"]
[EventDate "2014.10.09"]

1. e4 e5 2. Nf3 Nc6 3. Bb5 Nge7 4. O-O g6 5. c3 a6 6. Ba4 d6 7. d4 Bd7 8. dxe5
dxe5 9. Bb3 h6 10. Qd3 Bg7 11. Rd1 Be6 12. Bxe6 fxe6 13. Qe2 Qc8 14. h4 O-O 15.
Be3 Rf7 16. Nbd2 Qe8 17. Nf1 Nc8 18. Ng3 Nd6 19. a4 Rd7 20. b4 Ne7 21. Qa2 Nc6
22. Rd2 Nf7 23. Rad1 Rxd2 24. Rxd2 Bf8 25. Rd1 Rd8 26. Rxd8 Ncxd8 27. h5 g5 28.
Nh2 Qd7 29. Qc2 b5 30. Ng4 Kg7 31. axb5 axb5 32. Kh2 Qc6 33. Qd2 Nb7 34. Qd3 Be7
35. Ba7 Qe8 36. Be3 Nbd6 37. Bc5 Nc4 38. Bxe7 Qxe7 39. Nf1 Qd6 40. Qf3 Qd8 41.
Qg3 Nfd6 42. Qf3 Nf7 43. Qg3 Qd6 44. Qf3 Qe7 45. Nfe3 Ncd6 46. Qe2 Kf8 47. Qa2
Kg7 48. c4 c6 49. c5 Ne8 50. Qa1 Nf6 51. g3 Nxg4+ 52. Nxg4 Qd8 53. Qc3 Kg8 54.
Kg2 Qc7 55. Nf6+ Kf8 56. Qa3 Qd8 57. Ng4 Kg7 58. Qf3 Kg8 59. Qc3 1/2-1/2

[Event "Millionaire Chess Open 2014"]
[Site "Las Vegas USA"]
[Date "2014.10.12"]
[Round "7.30"]
[White "Aldama Degurnay, Dionisio"]
[Black "Akopyan, Harutyun"]
[Result "1-0"]
[WhiteTitle "IM"]
[BlackTitle "FM"]
[WhiteElo "2408"]
[BlackElo "2242"]
[WhiteFideId "3500268"]
[BlackFideId "2012014"]
[EventDate "2014.10.09"]

1. e4 e5 2. Nf3 Nc6 3. Bb5 a6 4. Ba4 Nf6 5. O-O Be7 6. Re1 b5 7. Bb3 d6 8. c3
O-O 9. h3 Nd7 10. d4 Bf6 11. Be3 Na5 12. Bc2 Nc4 13. Bc1 Bb7 14. a4 Re8 15. b3
Ncb6 16. Qd3 g6 17. a5 Nc8 18. d5 c6 19. c4 cxd5 20. cxd5 Ne7 21. Ra2 Bg7 22. b4
Rc8 23. Bb3 Nf6 24. Nc3 Qd7 25. Rc2 h6 26. Be3 Nh7 27. Rec1 f5 28. Bb6 f4 29.
Nxb5 Rxc2 30. Rxc2 Qxb5 31. Qxb5 axb5 32. Bc7 Nc8 33. Nd2 Ng5 34. f3 Nf7 35. Nb1
Ne7 36. Nc3 Ba6 37. Nxb5 Bxb5 38. Bc4 Ba4 39. Rc1 Nf5 40. exf5 gxf5 41. b5 e4
42. b6 Bd4+ 43. Kf1 Ne5 44. Be2 Bc5 45. Rxc5 dxc5 46. Bxe5 1-0

[Event "Millionaire Chess Open 2014"]
[Site "Las Vegas USA"]
[Date "2014.10.12"]
[Round "7.32"]
[White "Flaquer, Luis"]
[Black "Ruiz C, Joshua D"]
[Result "1-0"]
[WhiteTitle "FM"]
[BlackTitle "IM"]
[WhiteElo "2257"]
[BlackElo "2395"]
[WhiteFideId "6400485"]
[BlackFideId "4400704"]
[EventDate "2014.10.09"]

1. c4 c5 2. Nf3 Nc6 3. Nc3 g6 4. g3 Bg7 5. Bg2 e6 6. O-O Nge7 7. d3 O-O 8. Bg5
h6 9. Bd2 d6 10. a3 Qd7 11. b4 cxb4 12. axb4 Nxb4 13. Ne4 f5 14. Bxb4 fxe4 15.
dxe4 Bxa1 16. Qxa1 Nc6 17. Ba3 Qg7 18. Qd1 Rd8 19. Bxd6 e5 20. c5 a5 21. Qa4 Bg4
22. Rd1 Kh7 23. Rd5 Re8 24. e3 Be6 25. Nd2 Bxd5 26. exd5 Nb4 27. Be4 Qf7 28. h4
Kg7 29. Nc4 Nxd5 30. Nxe5 Rxe5 31. Bxe5+ Kg8 32. c6 Rd8 33. Qxa5 b6 34. Qd2 1-0

[Event "Millionaire Chess Open 2014"]
[Site "Las Vegas USA"]
[Date "2014.10.12"]
[Round "7.33"]
[White "Aramil, William J"]
[Black "De Guzman, Ricardo"]
[Result "1/2-1/2"]
[BlackTitle "IM"]
[WhiteElo "2251"]
[BlackElo "2379"]
[WhiteFideId "2019647"]
[BlackFideId "5200121"]
[EventDate "2014.10.09"]

1. d4 Nf6 2. c4 e6 3. g3 d5 4. Bg2 Be7 5. Nf3 O-O 6. O-O Nbd7 7. Qc2 c6 8. Nbd2
b6 9. e4 Bb7 10. b3 dxe4 11. Nxe4 c5 12. Nxf6+ Bxf6 13. Rd1 cxd4 14. Nxd4 Bxg2
15. Kxg2 Qc8 16. Rb1 Qb7+ 17. f3 Rfd8 18. Be3 Ne5 19. Qe4 Qxe4 20. fxe4 Rd7 21.
Nc2 Rad8 22. Rxd7 Rxd7 23. h3 h5 24. Kf1 Nc6 25. Ke2 g5 26. Rd1 Rb7 27. Ne1 Kg7
28. Nd3 Be7 29. Rc1 Rd7 30. c5 b5 31. b4 f5 32. exf5 exf5 33. a4 a6 34. axb5
axb5 35. Ra1 Bf6 36. Ra6 Rxd3 37. Rxc6 Rb3 38. Rb6 Rxb4 39. c6 Rc4 40. Rxb5 Rxc6
41. Rxf5 Rc2+ 42. Kf3 Kg6 43. Rc5 Rxc5 44. Bxc5 1/2-1/2

[Event "Millionaire Chess Open 2014"]
[Site "Las Vegas USA"]
[Date "2014.10.12"]
[Round "7.34"]
[White "Li, Ruifeng"]
[Black "Tremblay, Rejean"]
[Result "1-0"]
[WhiteTitle "FM"]
[WhiteElo "2365"]
[BlackElo "2209"]
[WhiteFideId "2061074"]
[BlackFideId "2606682"]
[EventDate "2014.10.09"]

1. e4 c5 2. Nf3 d6 3. d4 cxd4 4. Nxd4 Nf6 5. Nc3 a6 6. Be3 e5 7. Nb3 Be7 8. Be2
O-O 9. g4 Be6 10. g5 Nfd7 11. Qd2 Nb6 12. O-O-O N8d7 13. h4 Rc8 14. h5 f5 15.
gxf6 Nxf6 16. f4 exf4 17. Bxf4 Rxc3 18. Rhg1 Rc8 19. Bh6 Rf7 20. Nd4 Bd7 21. Qe3
Rc5 22. Qb3 Kf8 23. Rxg7 Rxg7 24. Rf1 Re5 25. Qg3 Rg5 26. Qxg5 Ke8 27. Qxg7 Nxe4
28. Qf7# 1-0

[Event "Millionaire Chess Open 2014"]
[Site "Las Vegas USA"]
[Date "2014.10.12"]
[Round "7.35"]
[White "Sheng, Joshua"]
[Black "Brendel, Oliver"]
[Result "1-0"]
[BlackTitle "IM"]
[WhiteElo "2236"]
[BlackElo "2359"]
[WhiteFideId "2057360"]
[BlackFideId "4602048"]
[EventDate "2014.10.09"]

1. e4 c6 2. d4 g6 3. Nc3 d5 4. f3 Bg7 5. Be3 dxe4 6. fxe4 Nf6 7. Nf3 O-O 8. Qd2
Ng4 9. O-O-O Nxe3 10. Qxe3 Nd7 11. e5 Nb6 12. Ne4 Bf5 13. Bd3 Nd5 14. Qd2 a5 15.
c3 Qb6 16. h4 a4 17. a3 Qb3 18. h5 Bxe4 19. Bxe4 Nb6 20. hxg6 hxg6 21. g4 Nc4
22. Qh2 Rfd8 23. Ng5 Ra5 24. Rdf1 Bh6 25. Rf2 Nxb2 26. Qxh6 Nd3+ 27. Bxd3 Qxc3+
28. Rc2 1-0

[Event "Millionaire Chess Open 2014"]
[Site "Las Vegas USA"]
[Date "2014.10.12"]
[Round "7.36"]
[White "Busygin, Stanislav"]
[Black "Burnett, Ronald"]
[Result "0-1"]
[BlackTitle "IM"]
[WhiteElo "2192"]
[BlackElo "2357"]
[WhiteFideId "2007029"]
[BlackFideId "2002159"]
[EventDate "2014.10.09"]

1. e4 g6 2. d4 Bg7 3. c4 d6 4. Nc3 c6 5. Be3 a6 6. Qd2 b5 7. f3 Nd7 8. cxb5 axb5
9. d5 b4 10. dxc6 bxc3 11. cxd7+ Bxd7 12. bxc3 Qa5 13. Bd4 Nf6 14. Bd3 e5 15.
Bf2 Bh6 16. Qc2 O-O 17. Ne2 Ba4 18. Qb2 Rfb8 19. Qa3 Qc7 20. c4 Bc2 21. Qc3 Bxd3
22. Qxd3 Rb2 23. f4 Qa5+ 24. Kf1 Ng4 25. Qxd6 Nxf2 26. Kxf2 Rd8 27. Qxe5 Rxe2+
28. Kxe2 Qd2+ 29. Kf1 Bg7 30. Qg5 Bxa1 31. e5 Rb8 0-1